Terrorism : from popular struggle to media spectacle /

Bibliographic Details
Main Author: Chaliand, Gérard, 1934-
Format: Book
Language:English
Published: London ; Atlantic Highlands, NJ : Saqi Books, 1987.
Subjects:

MARC

Tag First Indicator Second Indicator Subfields
LEADER 00000cam a2200000 a 4500
001 in00000032353
005 20151007060505.0
008 870504s1987 enk b 00110 eng
010 |a  87009887  
020 |a 0863561683 :  |c £14.00 
020 |a 0863560830 (pbk.) :  |c £5.95 
035 |a (OCoLC)15696354 
035 |9 AAC0975AM 
040 |a DLC  |c DLC  |d TXA  |d UtOrBLW 
041 1 |a eng  |h fre 
049 |a TXAM  |c [A11682993] 
050 0 0 |a U240  |b .C45713 1987 
082 0 |a 355/.02184  |2 19 
100 1 |a Chaliand, Gérard,  |d 1934- 
240 1 0 |a Terrorismes et guérillas.  |l English 
245 1 0 |a Terrorism :  |b from popular struggle to media spectacle /  |c Gerard Chaliand. 
264 1 |a London ;  |a Atlantic Highlands, NJ :  |b Saqi Books,  |c 1987. 
300 |a 139 pages ;  |c 23 cm. 
336 |a text  |b txt  |2 rdacontent 
337 |a unmediated  |b n  |2 rdamedia 
338 |a volume  |b nc  |2 rdacarrier 
500 |a Translation of: Terrorismes et guérillas. 
504 |a Bibliography: pages 125-132. 
500 |a Includes index. 
650 0 |a Guerrilla warfare. 
650 0 |a Counterinsurgency. 
650 0 |a Terrorism. 
650 0 |a Military history, Modern  |y 20th century. 
999 |a MARS 
999 f f |s e5dbf9a2-064d-3c88-87f1-c31b9699af4b  |i 4ed0d94a-e29d-36c0-a1b5-8c73ff355f83  |t 0 
952 f f |p normal  |a Texas A&M University  |b College Station  |c Sterling C. Evans Library  |d Evans: Library Stacks  |t 0  |e U240 .C45713 1987  |h Library of Congress classification  |i unmediated -- volume  |m A14811682993 
998 f f |a U240 .C45713 1987  |t 0  |l Evans: Library Stacks